[Event "Quebec op"]
[Site "Montreal"]
[Date "1990.08.09"]
[Round "6"]
[White "Amin, Mohammad"]
[Black "Savoie, Gyl"]
[Result "1-0"]
[WhiteElo "2017"]
[BlackElo "1930"]
[PlyCount "76"]
[EventDate "1990.08.04"]
[EventType "swiss"]
[EventRounds "8"]
[EventCountry "CAN"]
[SourceTitle "EXT 2022"]
[Source "ChessBase"]
[SourceDate "2021.10.06"]
[SourceVersion "1"]
[SourceVersionDate "2021.10.06"]
[SourceQuality "1"]

1. e4 e5 2. Nf3 Nc6 3. Bb5 a6 4. Bxc6 dxc6 5. 0-0 f6 6. d4 Bd6 7. dxe5 fxe5 8. Nxe5 Ne7 9. Nc4 0-0 10. Nxd6 cxd6 11. b3 Ng6 12. Nc3 Be6 13. Ne2 Qf6 14. Be3 Rad8 15. Qd2 h6 16. Qd4 Qh4 17. f4 d5 18. e5 Ne7 19. Ng3 Nf5 20. Nxf5 Bxf5 21. Rf2 Be4 22. Raf1 Rf5 23. g3 Qh3 24. Bc1 h5 25. Qe3 Re8 26. Rd1 Re6 27. Rd4 h4 28. Rxe4 dxe4 29. Rg2 Qg4 30. Qe2 Qxe2 31. Rxe2 hxg3 32. hxg3 Rh5 33. Rxe4 Kf7 34. g4 Rh3 35. f5 Re8 36. e6+ Ke7 37. Kg2 Rc3 38. Re2 Kf8 1-0

[Event "Canadian op"]
[Site "Scarborough"]
[Date "1988.07.19"]
[Round "6"]
[White "Bailey, Doug"]
[Black "Amin, Mohammad"]
[Result "1-0"]
[WhiteElo "2422"]
[BlackElo "2320"]
[PlyCount "81"]
[EventDate "1988.07.15"]
[EventType "tourn"]
[EventRounds "10"]
[EventCountry "CAN"]
[SourceTitle "EXT 2022"]
[Source "ChessBase"]
[SourceDate "2021.10.06"]
[SourceVersion "1"]
[SourceVersionDate "2021.10.06"]
[SourceQuality "1"]

1. e4 e5 2. Nf3 Nf6 3. Nxe5 d6 4. Nf3 Nxe4 5. Qe2 Qe7 6. d3 Nf6 7. Bg5 Qxe2+ 8. Bxe2 Be7 9. Nc3 c6 10. 0-0-0 Na6 11. Ne4 Nxe4 12. dxe4 Nc5 13. Bxe7 Kxe7 14. Rhe1 Be6 15. Ng5 h6 16. Nxe6 fxe6 17. b4 Nd7 18. Rd2 Rad8 19. c4 c5 20. a3 b6 21. f4 Rhf8 22. g3 g5 23. Rf1 gxf4 24. gxf4 e5 25. f5 Nf6 26. Bf3 Rg8 27. Rfd1 h5 28. Kc2 h4 29. Kc3 Ng4 30. Bxg4 Rxg4 31. Kd3 b5 32. Ke3 cxb4 33. c5 bxa3 34. cxd6+ Kd7 35. Rd5 b4 36. Rb5 Rc8 37. Rb7+ Kd8 38. d7 Rc3+ 39. Kf2 Rc2+ 40. Kf1 Rf4+ 41. Kg1 1-0

[Event "Canadian op"]
[Site "Scarborough"]
[Date "1988.07.17"]
[Round "4"]
[White "Pacey, Kevin"]
[Black "Amin, Mohammad"]
[Result "1/2-1/2"]
[WhiteElo "2298"]
[BlackElo "2300"]
[PlyCount "75"]
[EventDate "1988.07.15"]
[EventType "tourn"]
[EventRounds "10"]
[EventCountry "CAN"]
[SourceTitle "EXT 2022"]
[Source "ChessBase"]
[SourceDate "2021.10.06"]
[SourceVersion "1"]
[SourceVersionDate "2021.10.06"]
[SourceQuality "1"]

1. e4 e5 2. Nf3 Nf6 3. d4 d5 4. Nxe5 Nxe4 5. Bd3 Nc6 6. Nxc6 bxc6 7. Nc3 Nf6 8. Bg5 Be7 9. 0-0 0-0 10. Re1 h6 11. Bh4 Re8 12. Na4 Ne4 13. Bxe7 Rxe7 14. f3 Nd6 15. Re5 f6 16. Rxe7 Qxe7 17. Qe1 Qf7 18. Qc3 Bd7 19. Re1 Re8 20. Rxe8+ Qxe8 21. Kf2 Qh5 22. Qe1 Bf5 23. Bxf5 Qxf5 24. Qd1 Qh5 25. Kg1 Qg5 26. Qe1 h5 27. Nc5 Nf5 28. Ne6 Qe3+ 29. Qxe3 Nxe3 30. c3 Nd1 31. Nd8 Nxb2 32. Nxc6 Kf8 33. Nxa7 Na4 34. Nb5 c6 35. Na7 Nxc3 36. Nxc6 Nxa2 37. Kf2 Ke8 38. Ke3 1/2-1/2